00910nam a2200253 a 4500001000700000005001700007008004100024020001500065050002000080100002800100245006500128260005900193300002400252440001800276500003400294504003100328650005200359650005600411650004000467653002600507942001100533999000900544952010300553BRCA_220190320202833.0910715s1990 mx-a---##b---f000-0#spa-# a9683611680 4aZ115b.P49 19901 aPezzat Arzave, Delia9510aElementos de paleografía novohispanacDelia Pezzat Arzave. aMéxicobUNAM, Facultad de Filosofía y Letrasc1990 a140 p.bil.c22 cm. 0aSeminarios96 aIncluye índice de láminas aBibliografía: p. 131-13414aPaleografía mexicanaxHistoriayHasta 18109714aManuscritos españoles americanosxFacsímiles9814aDiplomáticoszAmérica Latina990 aEscritura novohispana 2lcccB c2d2 00104070aBRCAbBRCAd2008-06-24l0oZ115 .P49 1990p00002_1r2019-03-23 00:00:00w2019-03-23yB